000 00460nam a2200181Ia 4500
001 3830
005 20260306145712.0
008 260306t2013||||xx |||||||||||||| ||spa||
041 _aESP
082 _a303.49
_bS38
100 _aSeminario, Bruno (ed.)
_eAUT
245 0 _aCuando despertemos en el 2062:
_bvisiones del Perú en 50 años
260 _c2013
300 _a533 páginas :
_c23 cm.
650 _aGEN
654 _aCHU
942 _cLIB
_dJUS
_fJUS
_2ddc
_n
999 _c3830
_d3830